Know one's obligations (Record no. 79445)

MARC details
000 -LEADER
fixed length control field 01053cab a22002055a 4500
001 - CONTROL NUMBER
control field L141304
008 - FIXED-LENGTH DATA ELEMENTS--GENERAL INFORMATION
fixed length control field 071115e20071027xxk f 000 0 eng d
035 ## - SYSTEM CONTROL NUMBER
System control number (Sirsi) u141304
041 0# - LANGUAGE CODE
Language code of text/sound track or separate title eng
100 1# - MAIN ENTRY--PERSONAL NAME
Personal name Dollar, Peta
245 00 - TITLE STATEMENT
Title Know one's obligations
260 ## - PUBLICATION, DISTRIBUTION, ETC.
Date of publication, distribution, etc. 2007
490 ## - SERIES STATEMENT
Series statement Estates Gazette
Volume/sequential designation (0743) 27 October 2007, 196-197(2)
520 ## - SUMMARY, ETC.
Summary, etc. First of four Mainly for Students articles explaining aspects of contracts for the sale and purchase of commercial property. Discusses deposits, vacant possession and covenants for title. Considers standard conditions of sale and variations. Covers sales made with vacant possession, and those subject to existing contracts. Examines the covenants associated with the sale of a commercial property, including those normally implied by the sale. (See also L141305 and L141663)
590 ## - LOCAL NOTE (RLIN)
Local note KA
650 24 - SUBJECT ADDED ENTRY--TOPICAL TERM
Topical term or geographic name entry element PROPERTY (MISCELLANEOUS PROVISIONS) ACT 1994
651 #4 - SUBJECT ADDED ENTRY--GEOGRAPHIC NAME
Geographic name United Kingdom
Chronological subdivision
690 ## - LOCAL SUBJECT ADDED ENTRY--TOPICAL TERM (OCLC, RLIN)
Topical term or geographic name as entry element PROPERTY-COMMERCIAL PROPERTY-ACQUISITION AND DISPOSAL OF COMMERCIAL PROPERTY
942 ## - ADDED ENTRY ELEMENTS (KOHA)
Suppress in OPAC 0
Holdings
Withdrawn status Lost status Source of classification or shelving scheme Damaged status Not for loan Home library Current library Shelving location Date acquired Total Checkouts Full call number Barcode Date last seen Copy number Price effective from Koha item type
    Dewey Decimal Classification     London London Journal article 15/11/2007   L141304 141304-1001 06/08/2019 1 06/08/2019 Journal article